| 000 | 00364 a2200109 4500 | ||
|---|---|---|---|
| 001 | ART_41521 | ||
| 005 | 20260410162023.0 | ||
| 008 | 260409a | ||
| 245 | 1 | 0 | _aSentencia contra la sociedad y responsabilidad de los socios |
| 100 | 1 | _aGrispo, Jorge Daniel | |
| 773 | 0 |
_tRevista de las sociedades y concursos _g- NÂș 28 (mayo/jun. 2004) _wREV41519 |
|
| 999 |
_c33300 _d33300 |
||